| 000 | 00836nas a2200289 454500 | ||
|---|---|---|---|
| 001 | IICA0600425 | ||
| 003 | BR-BrBNA | ||
| 005 | 20260323111523.0 | ||
| 007 | ta | ||
| 008 | 260323b bl.|||p| |||| 00| 00por d | ||
| 040 |
_aBR-BrBNA _bpor _cBiblioteca Nacional de Agricultura |
||
| 041 | _a(Es) | ||
| 072 | _aH20 | ||
| 100 | 1 | _aCrandall, B.S. | |
| 100 | 1 | _aArrillaga, J.G. | |
| 245 | 1 | _aDos enfermedades producidas por Cephalosporium en cafe y en citrus en El Salvador | |
| 300 | _av. 5 (1-2) p. 33-36 | ||
| 650 | _aCAFE | ||
| 650 | _aCOFFEA SPP. | ||
| 650 | _aFRUTA CITRICA | ||
| 650 | _aMAL DAS PLANTAS | ||
| 650 | _aMORTE DESCENDENTE | ||
| 650 | _aVETOR | ||
| 773 | 0 |
_tTURRIALBA (IICA) _X0041-4360 _g(Jan-Jun 1955), v. 5 (1-2) p. 33-36 _wIICA0600425 |
|
| 909 |
_a202603 _bLúcia _c55 _dLúcia Elande |
||
| 942 |
_2IICA _n0 _cANA |
||
| 999 |
_c340676 _d340676 |
||